000 00254nam a2200085Ia 4500
245 0 _aOpen range : a western story
100 _a GREY, Zane Bath, 2003 Large print [unabridged] ed
_977441
942 _cBK
008 210817s9999 xx 000 0 und d
999 _c264561
_d264560